[Event "POL-ch Universities (Women)"]
[Site "Lublin"]
[Date "2024.02.24"]
[Round "6"]
[White "Jarocka, Liwia"]
[Black "Moscicka, Pola"]
[Result "1-0"]
[WhiteElo "2199"]
[BlackElo "1960"]
[PlyCount "61"]
[EventDate "2024.02.22"]
[EventType "swiss"]
[EventRounds "9"]
[EventCountry "POL"]
[SourceTitle "CB10_2024"]
[SourceDate "2024.03.06"]
[SourceVersion "1"]
[SourceVersionDate "2024.03.06"]
[SourceQuality "1"]

1. d4 Nf6 2. c4 e6 3. Nf3 d5 4. Nc3 Bb4 5. Bg5 h6 6. Bxf6 Qxf6 7. e3 0-0 8. Rc1 c6 9. Bd3 b6 10. 0-0 Bb7 11. cxd5 exd5 12. Ne5 Bd6 13. f4 Qe7 14. Qh5 Nd7 15. Rf3 Nf6 16. Qh4 Rac8 17. Ne2 Ne4 18. Qh3 c5 19. Rd1 Bxe5 20. dxe5 Rfd8 21. Ng3 Nxg3 22. Rxg3 Kh8 23. Qf5 g6 24. Qh3 Kg7 25. e6 Rc6 26. f5 d4 27. Rf1 Kh7 28. fxg6+ fxg6 29. Bxg6+ Kg7 30. Be4+ Kh8 31. Qxh6+ 1-0

[Event "POL-ch Universities (Women)"]
[Site "Lublin"]
[Date "2024.02.24"]
[Round "8"]
[White "Shaban, Aliaksandra"]
[Black "Moscicka, Pola"]
[Result "1-0"]
[WhiteElo "1708"]
[BlackElo "1960"]
[PlyCount "75"]
[EventDate "2024.02.22"]
[EventType "swiss"]
[EventRounds "9"]
[EventCountry "POL"]
[SourceTitle "CB10_2024"]
[SourceDate "2024.03.06"]
[SourceVersion "1"]
[SourceVersionDate "2024.03.06"]
[SourceQuality "1"]

1. d4 Nf6 2. c4 e6 3. Nf3 d5 4. e3 Bb4+ 5. Bd2 Qe7 6. a3 Bxd2+ 7. Nbxd2 0-0 8. Bd3 b6 9. 0-0 Bb7 10. Qc2 Nbd7 11. cxd5 exd5 12. Qxc7 Rab8 13. Qf4 Ne4 14. Rfd1 Ndf6 15. Ne5 Qe6 16. f3 Nd6 17. Rac1 Rbc8 18. e4 Nde8 19. Nf1 Nd6 20. Ng3 dxe4 21. fxe4 Rfd8 22. d5 Qe7 23. Nf3 Nde8 24. Nf5 Qd7 25. Ne5 Qa4 26. Ne7+ Kf8 27. Nxc8 Bxc8 28. Nc6 Nxd5 29. Qf2 Rd6 30. exd5 Rxd5 31. Qc2 Qf4 32. Qf2 Qa4 33. Nb4 Re5 34. Bc2 Qb5 35. Bxh7 Bg4 36. Rd2 Nf6 37. Bd3 a5 38. Bxb5 1-0

[Event "Polanica Zdroj op 59th"]
[Site "Polanica Zdroj"]
[Date "2023.08.26"]
[Round "8"]
[White "Moscicka, Pola"]
[Black "Wieczorek, Zbigniew"]
[Result "1/2-1/2"]
[WhiteElo "1927"]
[BlackElo "2150"]
[PlyCount "64"]
[EventDate "2023.08.19"]
[EventType "swiss"]
[EventRounds "9"]
[EventCountry "POL"]
[SourceTitle "CBM 215 Extra"]
[Source "ChessBase"]
[SourceDate "2023.09.30"]
[SourceVersion "1"]
[SourceVersionDate "2023.09.30"]
[SourceQuality "1"]

1. e4 g6 2. d4 Bg7 3. Nc3 c6 4. Be3 d6 5. a4 Nf6 6. h3 e5 7. dxe5 dxe5 8. Qxd8+ Kxd8 9. Nf3 Nbd7 10. Bc4 Ke7 11. a5 h6 12. 0-0 Ne8 13. Rfd1 Nc7 14. Rd2 Ne6 15. Rad1 Nd4 16. Nxd4 exd4 17. Bxd4 Bxd4 18. Rxd4 Ne5 19. Be2 g5 20. Na4 Be6 21. Nc5 b6 22. Nxe6 fxe6 23. axb6 axb6 24. g3 Rhf8 25. Kg2 Ra2 26. Rb4 b5 27. Rd2 Ra7 28. c4 bxc4 29. f3 Rd7 30. Rxd7+ Kxd7 31. Rb7+ Kd6 32. Kf2 Kc5 1/2-1/2

[Event "Polanica Zdroj op 59th"]
[Site "Polanica Zdroj"]
[Date "2023.08.20"]
[Round "2"]
[White "Moscicka, Pola"]
[Black "Golecki, Jan"]
[Result "1/2-1/2"]
[WhiteElo "1927"]
[BlackElo "2162"]
[PlyCount "118"]
[EventDate "2023.08.19"]
[EventType "swiss"]
[EventRounds "9"]
[EventCountry "POL"]
[SourceTitle "CBM 215 Extra"]
[Source "ChessBase"]
[SourceDate "2023.09.30"]
[SourceVersion "1"]
[SourceVersionDate "2023.09.30"]
[SourceQuality "1"]

1. e4 e5 2. Nf3 Nc6 3. Bb5 a6 4. Ba4 d6 5. d3 g6 6. 0-0 Bg7 7. c3 Bd7 8. Nbd2 Nge7 9. Re1 0-0 10. Nf1 h6 11. Ne3 f5 12. Bb3+ Kh8 13. exf5 Nxf5 14. Qe2 Nxe3 15. Qxe3 Ne7 16. Bd2 c5 17. a4 Qc8 18. h3 Bc6 19. Nh2 Nf5 20. Qe2 Nh4 21. f3 Qc7 22. Rf1 g5 23. g3 Nf5 24. Kg2 d5 25. Ng4 Rae8 26. Be1 e4 27. f4 exd3 28. Qxd3 c4 29. Qd2 h5 30. Bc2 hxg4 31. Bxf5 d4+ 32. Kg1 Rxf5 33. hxg4 Rf6 34. cxd4 Rh6 35. d5 Rd8 36. fxg5 Rh3 37. Rf5 Rxg3+ 38. Bxg3 Qxg3+ 39. Kf1 Qxg4 40. Qh2+ Kg8 41. Rf4 Qxg5 42. dxc6 Be5 43. Rg4 Qxg4 44. Qxe5 bxc6 45. Qe2 Rf8+ 46. Ke1 Qg1+ 47. Kd2 Qd4+ 48. Ke1 Qg1+ 49. Kd2 Qxa1 50. Qg4+ Kf7 51. Qxc4+ Ke7 52. Qc5+ Kd7 53. Qa7+ Ke6 54. Qe3+ Kd5 55. Qd3+ Ke6 56. Qe3+ Kf6 57. Qf4+ Ke7 58. Qc7+ Kf6 59. Qf4+ Ke6 1/2-1/2

[Event "Warsaw Maciei Memorial"]
[Site "Warsaw"]
[Date "2023.07.10"]
[Round "4"]
[White "Moscicka, Pola"]
[Black "Chmiel, Marcin"]
[Result "0-1"]
[WhiteElo "1956"]
[BlackElo "2184"]
[PlyCount "52"]
[EventDate "2023.07.10"]
[EventType "swiss (blitz)"]
[EventRounds "11"]
[EventCountry "POL"]
[SourceTitle "CBM 215 Extra"]
[Source "ChessBase"]
[SourceDate "2023.09.30"]
[SourceVersion "1"]
[SourceVersionDate "2023.09.30"]
[SourceQuality "1"]

1. d4 d5 2. c4 c6 3. Nf3 Nf6 4. Nc3 e6 5. Qd3 dxc4 6. Qxc4 b5 7. Qd3 a6 8. e4 c5 9. d5 c4 10. Qd4 exd5 11. exd5 Bd6 12. Bg5 Nbd7 13. Ne4 Qe7 14. Nfd2 Bb4 15. Bxf6 Nxf6 16. f3 0-0 17. d6 Qe6 18. Be2 Nxe4 19. fxe4 Bxd6 20. Nf3 Bb4+ 21. Kf1 Bb7 22. e5 Rad8 23. Qf4 f6 24. exf6 Rxf6 25. Qg3 Qe3 26. Rb1 Re8 0-1

[Event "EU-ch Blitz"]
[Site "Katowice"]
[Date "2022.12.16"]
[Round "2"]
[White "Moscicka, Pola"]
[Black "Kazakouski, Valery"]
[Result "0-1"]
[WhiteElo "1956"]
[BlackElo "2539"]
[PlyCount "64"]
[EventDate "2022.12.16"]
[EventType "swiss (blitz)"]
[EventRounds "22"]
[EventCountry "POL"]
[SourceTitle "CBM 211 Extra"]
[Source "ChessBase"]
[SourceDate "2023.01.31"]
[SourceVersion "1"]
[SourceVersionDate "2023.01.31"]
[SourceQuality "1"]

1. d4 Nf6 2. c4 e6 3. g3 d5 4. Bg2 dxc4 5. Nf3 c6 6. a4 Bb4+ 7. Bd2 a5 8. Qc2 Bxd2+ 9. Nbxd2 b5 10. axb5 cxb5 11. b3 cxb3 12. Nxb3 0-0 13. 0-0 Bb7 14. Rfd1 Be4 15. Qc5 Nbd7 16. Qc3 b4 17. Qb2 Qb6 18. Rac1 Rfc8 19. Nfd2 Bxg2 20. Kxg2 a4 21. Nc5 Nxc5 22. dxc5 Rxc5 23. Rxc5 Qxc5 24. Rc1 Qd5+ 25. Kg1 b3 26. Nc4 Rc8 27. Ne3 Rxc1+ 28. Qxc1 Qd7 29. Qc4 h5 30. Qb4 Qa7 31. Nd1 a3 32. Qxb3 a2 0-1

[Event "Ustron op-B"]
[Site "Ustron"]
[Date "2022.08.13"]
[Round "2"]
[White "Moscicka, Pola"]
[Black "Backiel, Hubert"]
[Result "1-0"]
[WhiteElo "1917"]
[BlackElo "2127"]
[PlyCount "87"]
[EventDate "2022.08.12"]
[EventType "swiss"]
[EventRounds "9"]
[EventCountry "POL"]
[SourceTitle "CBM 209 Extra"]
[Source "ChessBase"]
[SourceDate "2022.09.30"]
[SourceVersion "1"]
[SourceVersionDate "2022.09.30"]
[SourceQuality "1"]

1. d4 Nf6 2. c4 e6 3. g3 c5 4. d5 exd5 5. cxd5 d6 6. Nc3 g6 7. Bg2 Bg7 8. Nf3 0-0 9. 0-0 Re8 10. Re1 a6 11. a4 Ne4 12. Nxe4 Rxe4 13. Qc2 Bf5 14. Bh3 Qd7 15. Nh4 Bxh3 16. Qxe4 h6 17. Qc2 Qg4 18. Bd2 Nd7 19. Nf3 Nf6 20. Bc3 Re8 21. Qd3 c4 22. Qc2 Nxd5 23. Bxg7 Kxg7 24. Qd2 Nf6 25. Ra3 d5 26. Re3 Qd7 27. a5 Rxe3 28. Qxe3 Qc7 29. Qc3 Qe7 30. Qd4 Qb4 31. Ra1 Qb3 32. Rc1 Qb4 33. Nd2 Qe7 34. e4 dxe4 35. Rxc4 Kh7 36. Nxe4 Nxe4 37. Qxe4 Qd8 38. Rc1 Qxa5 39. Qxb7 Qd2 40. Qxf7+ Kh8 41. Qf8+ Kh7 42. Rc7+ Bd7 43. Qf7+ Kh8 44. Rxd7 1-0

[Event "POL-chT Academic"]
[Site "Chorzow"]
[Date "2022.04.03"]
[Round "6.6"]
[White "Kubicka, Anna"]
[Black "Moscicka, Pola"]
[Result "1-0"]
[WhiteElo "1984"]
[BlackElo "1733"]
[PlyCount "83"]
[EventDate "2022.04.02"]
[EventType "team-swiss (rapid)"]
[EventRounds "9"]
[EventCountry "POL"]
[SourceTitle "EXT 2024"]
[Source "ChessBase"]
[SourceDate "2023.10.10"]
[SourceVersion "1"]
[SourceVersionDate "2023.10.10"]
[SourceQuality "1"]

1. e4 c5 2. Nf3 Nc6 3. Bb5 g6 4. Bxc6 dxc6 5. d3 Bg7 6. h3 Nf6 7. Nc3 0-0 8. Be3 b6 9. Qd2 Re8 10. 0-0 e5 11. a4 Qc7 12. a5 Bb7 13. Na4 Nd7 14. Rab1 Rad8 15. Qc3 Bc8 16. axb6 axb6 17. b4 cxb4 18. Qxb4 b5 19. Nc5 Bf8 20. Qc3 Nxc5 21. Bxc5 Bxc5 22. Qxc5 Re7 23. Ra1 f5 24. Ra8 Rde8 25. Rfa1 Bb7 26. Rxe8+ Rxe8 27. exf5 gxf5 28. Re1 e4 29. Qxf5 Bc8 30. Qg5+ Qg7 31. Qxg7+ Kxg7 32. Nd2 Kh8 33. Rxe4 Rg8 34. Kh2 Bf5 35. Re5 Rf8 36. f4 Rf6 37. g4 Bg6 38. f5 Bf7 39. Ne4 Rh6 40. Re7 Kg8 41. g5 Rh4 42. Kg3 1-0

[Event "POL-chT 1st League"]
[Site "Szklarska Poreba"]
[Date "2021.09.12"]
[Round "9.4"]
[White "Kulon, Klaudia"]
[Black "Moscicka, Pola"]
[Result "1-0"]
[WhiteElo "2332"]
[BlackElo "1916"]
[PlyCount "84"]
[EventDate "2021.09.04"]
[EventType "team-swiss"]
[EventRounds "9"]
[EventCountry "POL"]
[SourceTitle "CBM 204 Extra"]
[Source "ChessBase"]
[SourceDate "2021.11.30"]
[SourceVersion "1"]
[SourceVersionDate "2021.11.30"]
[SourceQuality "1"]
[WhiteTeam "Wrzos Miedzyborow"]
[BlackTeam "Chylice Laura"]
[WhiteTeamCountry "POL"]
[BlackTeamCountry "POL"]

1. c4 e5 2. g3 Nc6 3. Bg2 g6 4. Nc3 Bg7 5. e3 f5 6. Nge2 Nf6 7. d3 d6 8. Rb1 0-0 9. b4 Kh8 10. b5 Ne7 11. 0-0 g5 12. f4 h6 13. d4 e4 14. fxg5 hxg5 15. d5 Qe8 16. Nd4 Ng4 17. Qe2 Qg6 18. b6 cxb6 19. Ncb5 Rb8 20. Ba3 Rd8 21. Nxa7 Bd7 22. Rxb6 Be5 23. h3 Nh6 24. Bxd6 Bxd6 25. c5 Nf7 26. cxd6 Nxd5 27. Qb2 Kh7 28. Rxb7 Rxb7 29. Qxb7 Nxe3 30. Nac6 Qxd6 31. Nxf5 Nxf5 32. Nxd8 Nxd8 33. Qxe4 Qc5+ 34. Kh2 Kh6 35. Qd3 Qe5 36. Qxd7 Nxg3 37. Rd1 Ne2+ 38. Kh1 Ng3+ 39. Kg1 Ne2+ 40. Kf2 Qg3+ 41. Kf1 Qf4+ 42. Kxe2 Qd2+ 1-0

[Event "POL-chT 1st League"]
[Site "Szklarska Poreba"]
[Date "2021.09.09"]
[Round "6.4"]
[White "Moscicka, Pola"]
[Black "Kubicka, Anna"]
[Result "1/2-1/2"]
[WhiteElo "1916"]
[BlackElo "2274"]
[PlyCount "232"]
[EventDate "2021.09.04"]
[EventType "team-swiss"]
[EventRounds "9"]
[EventCountry "POL"]
[SourceTitle "CBM 204 Extra"]
[Source "ChessBase"]
[SourceDate "2021.11.30"]
[SourceVersion "1"]
[SourceVersionDate "2021.11.30"]
[SourceQuality "1"]
[WhiteTeam "Chylice Laura"]
[BlackTeam "Dabrowa Gornicza Zaglebie"]
[WhiteTeamCountry "POL"]
[BlackTeamCountry "POL"]

1. d4 d6 2. c4 g6 3. Nc3 Bg7 4. e4 e5 5. Nf3 Nc6 6. Be3 exd4 7. Nxd4 Nge7 8. Be2 0-0 9. 0-0 f5 10. f3 fxe4 11. fxe4 Rxf1+ 12. Bxf1 Nxd4 13. Bxd4 Bxd4+ 14. Qxd4 Be6 15. Nd5 Nc6 16. Qc3 Ne5 17. Be2 c5 18. Rf1 Bxd5 19. exd5 Qg5 20. a3 b6 21. Qc1 Qxc1 22. Rxc1 Rf8 23. Rf1 Rxf1+ 24. Kxf1 Kf7 25. Kf2 Kf6 26. b3 Kf5 27. Ke3 Nf7 28. Bd3+ Ke5 29. g4 Nh6 30. h3 Ng8 31. Bc2 Nh6 32. Bd3 Nf7 33. h4 Nh6 34. Be2 Ng8 35. Bd3 Nf6 36. Be2 Ne8 37. Bd3 Nf6 38. Be2 h6 39. Bd1 g5 40. hxg5 hxg5 41. Bf3 Ng8 42. Be2 Nh6 43. Bd1 Nf7 44. Be2 Nd8 45. Bd1 Nb7 46. Bc2 Na5 47. Bd1 b5 48. cxb5 Kxd5 49. Bf3+ Ke5 50. b4 Nc4+ 51. Kd3 Nxa3 52. bxc5 dxc5 53. Bc6 Kd6 54. Be8 Kc7 55. Ke4 c4 56. Kd4 Kd6 57. Bf7 Nxb5+ 58. Kxc4 a6 59. Kb4 Ke5 60. Ka5 Nd6 61. Bh5 Ne4 62. Kxa6 Nf6 63. Bf7 Nxg4 64. Bc4 Ne3 65. Be2 Nf5 66. Kb6 Ng3 67. Bd1 Kf4 68. Kc5 Nf5 69. Bh5 Ng3 70. Bd1 Ke3 71. Bg4 Ne4+ 72. Kc4 Nf2 73. Bh5 Nd3 74. Kc3 Nf4 75. Bg4 Ng6 76. Kc2 Ne5 77. Bh5 Nd7 78. Bg4 Nf6 79. Bd1 Ne4 80. Bh5 Ng3 81. Bg4 Nf1 82. Kc1 Ke4 83. Be2 Ng3 84. Kd2 Kf4 85. Bd1 Ne4+ 86. Ke1 Kg3 87. Bh5 Nf6 88. Bd1 Ng4 89. Be2 Ne5 90. Bh5 Kg2 91. Ke2 Kh3 92. Kf2 Nd3+ 93. Ke3 Kh4 94. Bd1 Nf4 95. Kf2 Kh3 96. Kf3 Nd3 97. Ke3 Ne5 98. Kf2 Nc4 99. Bh5 Nd2 100. Ke3 Nf1+ 101. Kf2 Ng3 102. Bd1 Ne4+ 103. Ke3 Nf6 104. Kf2 Ng4+ 105. Bxg4+ Kxg4 106. Kg2 Kf4 107. Kf2 g4 108. Kg2 g3 109. Kg1 Kf3 110. Kf1 Ke4 111. Kg2 Kf4 112. Kg1 Kg4 113. Kg2 Kh4 114. Kg1 Kh3 115. Kh1 g2+ 116. Kg1 Kg3 1/2-1/2

[Event "POL-chT 1st League"]
[Site "Szklarska Poreba"]
[Date "2021.09.07"]
[Round "4.4"]
[White "Moscicka, Pola"]
[Black "Czarniecka, Aleksandra"]
[Result "1/2-1/2"]
[WhiteElo "1916"]
[BlackElo "2021"]
[PlyCount "109"]
[EventDate "2021.09.04"]
[EventType "team-swiss"]
[EventRounds "9"]
[EventCountry "POL"]
[SourceTitle "CBM 204 Extra"]
[Source "ChessBase"]
[SourceDate "2021.11.30"]
[SourceVersion "1"]
[SourceVersionDate "2021.11.30"]
[SourceQuality "1"]
[WhiteTeam "Chylice Laura"]
[BlackTeam "Bogatynia UKS SP3"]
[WhiteTeamCountry "POL"]
[BlackTeamCountry "POL"]

1. d4 Nf6 2. c4 c5 3. d5 e6 4. Nc3 exd5 5. cxd5 d6 6. g3 g6 7. Bg2 Bg7 8. Nf3 0-0 9. 0-0 a6 10. a4 Re8 11. Re1 Nbd7 12. Bf4 Ng4 13. h3 Nge5 14. Nd2 Rb8 15. a5 b5 16. axb6 Nxb6 17. Qc2 g5 18. Bxe5 Rxe5 19. e4 Re8 20. Kh2 Nd7 21. Nc4 Ne5 22. Ne3 Qb6 23. Re2 Qb3 24. Nf5 Qxc2 25. Rxc2 Bxf5 26. exf5 Nd3 27. Ne4 Be5 28. Nxg5 Rb6 29. Bf1 Nxb2 30. Rxa6 Rxa6 31. Bxa6 Ra8 32. Be2 Na4 33. Bh5 f6 34. Nf7 Nb6 35. Nxe5 fxe5 36. Rb2 Ra6 37. f6 c4 38. Rb4 Kf8 39. f7 Ke7 40. f4 c3 41. Rb1 Ra2+ 42. Kg1 c2 43. Rc1 e4 44. Kf2 Nd7 45. Be2 Rb2 46. Ke3 Nc5 47. Bc4 Kxf7 48. Kd2 Nb3+ 49. Bxb3 Rxb3 50. g4 Rxh3 51. Rxc2 Rd3+ 52. Ke2 Rxd5 53. Ke3 Ra5 54. Kxe4 Ke6 55. Rh2 1/2-1/2

[Event "POL-chT 1st League"]
[Site "Ustron"]
[Date "2020.09.13"]
[Round "9.4"]
[White "Moscicka, Pola"]
[Black "Kucharska, Honorata"]
[Result "1/2-1/2"]
[WhiteElo "1880"]
[BlackElo "2237"]
[PlyCount "91"]
[EventDate "2020.09.05"]
[EventType "team-tourn"]
[EventRounds "9"]
[EventCountry "POL"]
[SourceTitle "CBM 198 Extra"]
[Source "ChessBase"]
[SourceDate "2020.11.30"]
[SourceVersion "1"]
[SourceVersionDate "2020.11.30"]
[SourceQuality "1"]
[WhiteTeam "Chylice Laura"]
[BlackTeam "Rybnik"]
[WhiteTeamCountry "POL"]
[BlackTeamCountry "POL"]

1. d4 d5 2. c4 e6 3. Nc3 Nf6 4. cxd5 exd5 5. Bg5 Be7 6. e3 c6 7. Bd3 Nbd7 8. Nge2 h6 9. Bh4 Nh5 10. Bxe7 Qxe7 11. g4 Nhf6 12. Ng3 Nb6 13. Nf5 Bxf5 14. gxf5 0-0-0 15. Qe2 Kb8 16. Rg1 Rhg8 17. 0-0-0 c5 18. dxc5 Qxc5 19. Kb1 Qb4 20. Nb5 a6 21. Nd4 Rc8 22. Rc1 Nc4 23. Ka1 Ne5 24. f3 Nfd7 25. Nb3 Nc5 26. Nxc5 Rxc5 27. Rxc5 Qxc5 28. Kb1 Rc8 29. Rd1 Nc4 30. Bxc4 dxc4 31. e4 c3 32. Rc1 Qb6 33. Qc2 Rc6 34. h4 f6 35. h5 cxb2 36. Qh2+ Ka8 37. Rxc6 bxc6 38. Qd6 Qb7 39. f4 Qb5 40. Qf8+ Ka7 41. Qxg7+ Kb6 42. Qxf6 Qd3+ 43. Kxb2 Qd2+ 44. Kb3 Qd1+ 45. Kb2 Qd2+ 46. Kb3 1/2-1/2

[Event "POL-chT 1st League"]
[Site "Ustron"]
[Date "2020.09.10"]
[Round "6.4"]
[White "Przezdziecka, Ewa"]
[Black "Moscicka, Pola"]
[Result "1/2-1/2"]
[WhiteElo "2166"]
[BlackElo "1880"]
[PlyCount "60"]
[EventDate "2020.09.05"]
[EventType "team-tourn"]
[EventRounds "9"]
[EventCountry "POL"]
[SourceTitle "CBM 198 Extra"]
[Source "ChessBase"]
[SourceDate "2020.11.30"]
[SourceVersion "1"]
[SourceVersionDate "2020.11.30"]
[SourceQuality "1"]
[WhiteTeam "Wisznia Mala Bialy Krol"]
[BlackTeam "Chylice Laura"]
[WhiteTeamCountry "POL"]
[BlackTeamCountry "POL"]

1. d4 Nf6 2. Nf3 e6 3. c3 d5 4. Bg5 c5 5. e3 Nc6 6. Nbd2 cxd4 7. exd4 Be7 8. Bd3 Nh5 9. Be3 0-0 10. Ne5 g6 11. f4 f5 12. Ndf3 Nf6 13. 0-0 Ne4 14. Qe1 Bd7 15. Bf2 Nxf2 16. Rxf2 Bf6 17. Nxc6 bxc6 18. b4 a5 19. a3 Qc7 20. g3 Rfe8 21. Rfa2 Bc8 22. Qe2 Qb6 23. h4 Ba6 24. Bxa6 Rxa6 25. Ne5 Ra7 26. Kg2 Qc7 27. Kf3 Kg7 28. Kf2 h6 29. Kg2 Qd6 30. Kf2 Qc7 1/2-1/2

[Event "POL-chT 1st League"]
[Site "Ustron"]
[Date "2020.09.07"]
[Round "3.1"]
[White "Marcinczyk, Monika"]
[Black "Moscicka, Pola"]
[Result "1/2-1/2"]
[WhiteElo "1934"]
[BlackElo "1880"]
[PlyCount "55"]
[EventDate "2020.09.05"]
[EventType "team-tourn"]
[EventRounds "9"]
[EventCountry "POL"]
[SourceTitle "CBM 198 Extra"]
[Source "ChessBase"]
[SourceDate "2020.11.30"]
[SourceVersion "1"]
[SourceVersionDate "2020.11.30"]
[SourceQuality "1"]
[WhiteTeam "Pawlowice Gminy"]
[BlackTeam "Chylice Laura"]
[WhiteTeamCountry "POL"]
[BlackTeamCountry "POL"]

1. e4 c6 2. d4 d5 3. Nc3 dxe4 4. Nxe4 Bf5 5. Ng3 Bg6 6. h4 h6 7. Nf3 e6 8. h5 Bh7 9. Bd3 Bxd3 10. Qxd3 Nf6 11. Bf4 Bd6 12. Be5 Bxe5 13. Nxe5 Qd5 14. c4 Qa5+ 15. Qd2 Qxd2+ 16. Kxd2 Nbd7 17. Kc3 c5 18. Nxd7 cxd4+ 19. Kxd4 0-0-0 20. Kc3 Rxd7 21. Rad1 Rhd8 22. Rxd7 Rxd7 23. f3 Rc7 24. Kd4 Rd7+ 25. Ke3 Rc7 26. Kd4 Rd7+ 27. Kc3 Rc7 28. Kd4 1/2-1/2

[Event "Ustron op-B"]
[Site "Ustron"]
[Date "2020.08.15"]
[Round "2"]
[White "Bilczewski, Kacper"]
[Black "Moscicka, Pola"]
[Result "1/2-1/2"]
[WhiteElo "2111"]
[BlackElo "1934"]
[PlyCount "43"]
[EventDate "2020.08.15"]
[EventType "swiss"]
[EventRounds "9"]
[EventCountry "POL"]
[SourceTitle "EXT 2021"]
[Source "ChessBase"]
[SourceDate "2020.10.23"]
[SourceVersion "1"]
[SourceVersionDate "2020.10.23"]
[SourceQuality "1"]

1. e4 c5 2. c3 Nf6 3. e5 Nd5 4. d4 cxd4 5. Nf3 e6 6. cxd4 d6 7. a3 Bd7 8. Bd3 Bc6 9. 0-0 Nd7 10. Nbd2 dxe5 11. dxe5 Nc5 12. Bc4 Nb6 13. Be2 Be7 14. Nc4 Nxc4 15. Bxc4 0-0 16. b4 Qxd1 17. Rxd1 Ba4 18. Rd4 Nb3 19. Bxb3 Bxb3 20. Bb2 Bd5 21. Rc1 Rac8 22. Rdd1 1/2-1/2

[Event "Graz op-A"]
[Site "Graz"]
[Date "2020.02.15"]
[Round "2"]
[White "Moscicka, Pola"]
[Black "Lodici, Lorenzo"]
[Result "0-1"]
[WhiteElo "1948"]
[BlackElo "2492"]
[PlyCount "94"]
[EventDate "2020.02.14"]
[EventType "swiss"]
[EventRounds "9"]
[EventCountry "AUT"]
[SourceTitle "CBM 195 Extra"]
[Source "ChessBase"]
[SourceDate "2020.05.31"]
[SourceVersion "1"]
[SourceVersionDate "2020.05.31"]
[SourceQuality "1"]

1. d4 Nf6 2. c4 e6 3. g3 d5 4. Nf3 Bb4+ 5. Bd2 Bd6 6. Bg2 0-0 7. Qc2 c6 8. 0-0 Nbd7 9. b3 Ne4 10. Nc3 Nxd2 11. Qxd2 b6 12. a3 Ba6 13. Qa2 Rc8 14. e4 dxc4 15. bxc4 e5 16. Rfd1 Qe7 17. Bh3 exd4 18. Nxd4 g6 19. Rac1 Rfd8 20. f4 Bc5 21. Kh1 Rc7 22. Ndb5 cxb5 23. Nd5 Qd6 24. e5 Nxe5 25. fxe5 Qxe5 26. Nxc7 Qxc7 27. cxb5 Bxb5 28. Bg2 Re8 29. Re1 Rf8 30. a4 Bd7 31. Bd5 Bf5 32. Qc4 Kg7 33. Rf1 f6 34. g4 Bc8 35. g5 Bf5 36. Rce1 fxg5 37. Qc3+ Kh6 38. h4 Qd8 39. Qc4 gxh4 40. Re5 Qg5 41. Bg2 Qg3 42. Qc1+ Qg5 43. Rf4 Bf2 44. Qa3 Qxf4 45. Qxf8+ Kh5 46. Re7 Qc1+ 47. Kh2 Bg3# 0-1

[Event "POL-chT 1st League"]
[Site "Dzwirzyno"]
[Date "2019.09.14"]
[Round "8.5"]
[White "Moscicka, Pola"]
[Black "Jablonska, Sabina"]
[Result "1/2-1/2"]
[WhiteElo "1994"]
[BlackElo "1928"]
[PlyCount "144"]
[EventDate "2019.09.07"]
[EventType "team-tourn"]
[EventRounds "9"]
[EventCountry "POL"]
[SourceTitle "EXT 2020"]
[Source "ChessBase"]
[SourceDate "2019.10.17"]
[SourceVersion "1"]
[SourceVersionDate "2019.10.17"]
[SourceQuality "1"]
[WhiteTeam "Chylice Laura"]
[BlackTeam "Gostynin Gostmat 83"]
[WhiteTeamCountry "POL"]
[BlackTeamCountry "POL"]

1. d4 Nf6 2. c4 c5 3. d5 e6 4. Nc3 exd5 5. cxd5 Bd6 6. Nf3 0-0 7. g3 Re8 8. a4 Bc7 9. Bg2 d6 10. 0-0 a6 11. h3 Nbd7 12. b3 Rb8 13. Nd2 Ba5 14. Bb2 b5 15. axb5 axb5 16. Re1 Qc7 17. Qc2 c4 18. bxc4 b4 19. Ncb1 b3 20. Qc1 Nc5 21. Nc3 Bd7 22. g4 Re7 23. g5 Nh5 24. Nf3 Ne4 25. Nxe4 Rxe4 26. Nd2 Bxd2 27. Qxd2 Rxc4 28. Rec1 Bf5 29. e4 Bg6 30. Rxc4 Qxc4 31. Rc1 Qa4 32. Bf3 f6 33. Qc3 Rf8 34. Qc6 Qa2 35. Qc3 Qa4 36. Ra1 Qd7 37. Bg4 Qe7 38. Qe3 Qe8 39. Ra7 Kh8 40. f4 Rf7 41. Rxf7 Bxf7 42. Bxh5 Bxh5 43. gxf6 Qg6+ 44. Kf2 gxf6 45. f5 Qg7 46. Bd4 Bd1 47. Qc3 Kg8 48. Bxf6 Qd7 49. Bd4 Kf7 50. Qg3 Kf8 51. Qh4 Qe7 52. f6 Qc7 53. Qh6+ Ke8 54. Qg7 Qxg7 55. fxg7 Kf7 56. Ke3 h5 57. Kf4 Be2 58. Kg5 Bf3 59. Kf5 Bg2 60. h4 Bh3+ 61. Kg5 Bg2 62. Kf5 Bh3+ 63. Kf4 Bg2 64. Bb2 Bh1 65. Ke3 Bg2 66. Kd3 Bh1 67. e5 Kxg7 68. Kd4 Kf7 69. Ba3 dxe5+ 70. Kxe5 b2 71. Bxb2 Ke7 72. Ba3+ Kd7 1/2-1/2

[Event "POL-chT 1st League"]
[Site "Dzwirzyno"]
[Date "2019.09.13"]
[Round "7.2"]
[White "Cieslak, Wiktoria"]
[Black "Moscicka, Pola"]
[Result "0-1"]
[WhiteElo "2063"]
[BlackElo "1994"]
[PlyCount "94"]
[EventDate "2019.09.07"]
[EventType "team-tourn"]
[EventRounds "9"]
[EventCountry "POL"]
[SourceTitle "EXT 2020"]
[Source "ChessBase"]
[SourceDate "2019.10.17"]
[SourceVersion "1"]
[SourceVersionDate "2019.10.17"]
[SourceQuality "1"]
[WhiteTeam "Rybnik"]
[BlackTeam "Chylice Laura"]
[WhiteTeamCountry "POL"]
[BlackTeamCountry "POL"]

1. e4 c5 2. Nf3 Nc6 3. d4 cxd4 4. Nxd4 Nf6 5. Nc3 d6 6. Bg5 e6 7. f4 Be7 8. Qd2 a6 9. 0-0-0 Bd7 10. Be2 b5 11. Nxc6 Bxc6 12. Bf3 Rc8 13. Bxf6 gxf6 14. Kb1 Qb6 15. Rhe1 a5 16. g4 Rg8 17. h4 a4 18. g5 b4 19. Nd5 Bxd5 20. exd5 e5 21. Be4 Rg7 22. Bf5 Rb8 23. gxf6 Bxf6 24. fxe5 Bxe5 25. Qh6 b3 26. cxb3 Rg2 27. Rxe5+ dxe5 28. d6 Qc5 29. d7+ Ke7 30. Qa6 Rg1 31. Qd3 Rxd1+ 32. Qxd1 axb3 33. axb3 h6 34. h5 Qd4 35. Qf3 Rb5 36. Bc2 Rd5 37. b4 Rxd7 38. b5 Qg1+ 39. Ka2 Ra7+ 40. Kb3 Qd4 41. Qc6 Qd6 42. Qe4 Rd7 43. Qh4+ Kf8 44. Bf5 Qd1+ 45. Bc2 Rd3+ 46. Ka2 Qxc2 47. Qb4+ Kg8 0-1

[Event "POL-chT 1st League"]
[Site "Dzwirzyno"]
[Date "2019.09.09"]
[Round "3.4"]
[White "Gosciniak, Maria"]
[Black "Moscicka, Pola"]
[Result "0-1"]
[WhiteElo "2132"]
[BlackElo "1994"]
[PlyCount "74"]
[EventDate "2019.09.07"]
[EventType "team-tourn"]
[EventRounds "9"]
[EventCountry "POL"]
[SourceTitle "EXT 2020"]
[Source "ChessBase"]
[SourceDate "2019.10.17"]
[SourceVersion "1"]
[SourceVersionDate "2019.10.17"]
[SourceQuality "1"]
[WhiteTeam "Grzybowo GKSz Solny"]
[BlackTeam "Chylice Laura"]
[WhiteTeamCountry "POL"]
[BlackTeamCountry "POL"]

1. e4 c5 2. Nf3 Nc6 3. d4 cxd4 4. Nxd4 Nf6 5. Nc3 e5 6. Ndb5 d6 7. Nd5 Nxd5 8. exd5 Nb8 9. c4 Nd7 10. Bd3 Be7 11. 0-0 0-0 12. Kh1 a6 13. Nc3 f5 14. f3 Kh8 15. Be3 Bg5 16. Bf2 Qe8 17. b4 Qh5 18. Ne2 f4 19. c5 Rf6 20. Bg1 Rh6 21. Bf5 Be7 22. Bg4 Qg5 23. c6 bxc6 24. dxc6 Nf6 25. Bxc8 Rxc8 26. Qa4 Rg6 27. Rf2 Nd5 28. Qxa6 Rf8 29. Qb7 e4 30. fxe4 Ne3 31. c7 Ng4 32. Rxf4 Nxh2 33. g3 Qh5 34. c8Q Nf1+ 35. Kg2 Qxe2+ 36. Rf2 Rxg3+ 37. Kh1 Rxg1+ 0-1